00478nam a2200193 a 450000100060000000300090000600800410001502000150005604000280007108200090009910000260010824500300013426000290016430000070019349000260020065000290022694200120025599900170026714364CO-ViMGA141112s2004 ck r 000 u spa d a8437221854 aCO-ViMGAbspacCO-ViMGA aSENd1 aSendak, Maurice9541110aDonde viven los monstruos aMadrid : bAltea, c1999 a32 aHistorias para dormir14aCUENTOS INFANTILES92743 2ddccBK c11480d11480